CD Eldense Squad 2024-2025 - Statistics

General Stats
  • This quiz has been taken 13 times
    5 since last reset
  • The average score is 20 of 37
Answer Stats
# Position Nation Player % Correct
12 MF Guinea Amadou Diawara
75%
1 GK Spain Dani Martín
75%
20 FW Spain Ivan Chapela
75%
11 FW Spain Juanto Ortuño
75%
23 DF Spain Marc Mateu
75%
8 MF Spain Sergio Ortuño
75%
17 DF Spain Víctor García
75%
29 FW Spain Alan Godoy
50%
21 MF Spain Álex Bernal
50%
36 GK Spain Álvaro Aceves
50%
12 MF Portugal Chico Geraldes
50%
10 MF Spain Cris Montes
50%
- Coach Spain Dani Ponz
50%
4 DF Bosnia and Herzegovina Dario Đumić
50%
24 MF Spain David Timor
50%
25 FW Spain Diego Collado
50%
15 DF Spain Fran Gámez
50%
13 GK Spain Ian Mackay
50%
3 DF Spain Iván Martos
50%
10 FW Spain Javi Llabrés
50%
19 FW Spain Joel Jorquera
50%
- Coach Spain José Luis Oltra
50%
16 FW Portugal Masca
50%
26 DF Croatia Matía Barzic
50%
14 DF Spain Nacho Monsalve
50%
9 MF Spain Nacho Quintana
50%
5 DF Spain Piña
50%
2 DF Spain Raúl Parra
50%
22 DF Romania Ricardo Grigore
50%
22 FW Senegal Sekou Gassama
50%
7 FW Morocco Simo Bouzaidi
50%
18 FW Spain Unai Ropero
50%
6 MF Spain Víctor Camarasa
50%
16 MF Morocco Youness Lachhab
50%
28 MF Spain Diego Méndez
25%
19 MF Spain Fede Vico
25%
27 FW Nigeria Sixtus Ogbuehi
25%
No matching quizzes found
Score Distribution
Percent of People with Each Score
Percentile by Number Answered
Your Score History
You have not taken this quiz since the last reset